Biggest American Cities A-Z - Statistics

General Stats
  • This quiz has been taken 85 times
    32 since last reset
  • The average score is 16 of 26
Answer Stats
Letter Population City % Correct
C 2,664,452 Chicago, Illinois
100%
L 3,820,914 Los Angeles, California
96%
N 8,258,035 New York, New York
96%
B 653,833 Boston, Massachusetts
89%
D 1,302,868 Dallas, Texas
89%
H 2,314,157 Houston, Texas
89%
A 979,882 Austin, Texas
81%
I 879,293 Indianapolis, Indiana
81%
P 1,650,070 Phoenix, Arizona
74%
W 678,972 Washington, D.C.
74%
J 985,843 Jacksonville, Florida
70%
S 1,495,295 San Antonio, Texas
67%
O 702,767 Oklahoma City, Oklahoma
63%
F 978,468 Fort Worth, Texas
59%
K 510,704 Kansas City, Missouri
59%
E 678,958 El Paso, Texas
56%
V 453,649 Virginia Beach, Virginia
52%
M 618,639 Memphis, Tennessee
48%
R 482,295 Raleigh, North Carolina
48%
T 547,239 Tucson, Arizona
48%
Q 101,597 Quincy, Massachusetts
33%
Y 207,657 Yonkers, New York
26%
G 302,296 Greensboro, North Carolina
22%
X 25,418 Xenia, Ohio
22%
U 79,040 Upland, California
15%
Z 30,604 Zionsville, Indiana
11%
No matching quizzes found
Score Distribution
Percent of People with Each Score
Percentile by Number Answered
Your Score History
You have not taken this quiz since the last reset